000 00285nam a22001337a 4500
008 181206b xxu||||| |||| 00| 0 eng d
020 _a0131286609
041 _aeng
080 _a541
100 _a12
101 _aKIM
245 _aChemical Kinetics
_cWeston,R.E
942 _2udc
_cBK
999 _c52938
_d52938